000 00623nam a22001817a 4500
005 20130529113042.0
010 _aENG-107138
020 _a9781445439648
_c1295.00
035 _aEN-90671
037 _bDBAD/PUB
082 _a940.54
245 1 0 _aGreat battles of world war II :
_cedited by Chris Mann
_bdecisive conflicts that have shaped history /
260 _aUK
_bParragon Books
_c2011
270 _aRhythm Book Distributors, Old no. 4, new no. 5, Jeenis Road, Saidapet
_bChennai
_e600015
300 _a240p.:
_c28cm(Hb)
_bcol.ill.
_e1CD-ROM
700 _aMann, Chris
942 _2ddc
_cEN
_mGRE
_h940.54
999 _c75582
_d75582